| 000 | 01019nam a2200241 a 4500 | ||
|---|---|---|---|
| 001 | 82287 | ||
| 003 | BD-RjUL | ||
| 005 | 20231114135410.0 | ||
| 008 | 231114s2021 bg a|||| m||| 00| 0 eng d | ||
| 035 | _a(BD-RjUL)82287 | ||
| 040 |
_aBD-RjUL _beng _cBD-RjUL _dBD-RjUL |
||
| 041 | _aeng | ||
| 082 |
_223 _a571.9 _bGHS 2021 |
||
| 100 |
_aGHOSE, RITA _910049 |
||
| 245 | 1 | 0 |
_aSYNTHESIS OF BIOGENIC SILVER/SILVER CHLORIDE MANOPARTICLES FROM SEAWEED (HYPNEA MUSCIFORMIS) AND ITS EFFECTS ON PATHOGENIC BACTERIA AND HUMANCANCER CELL LINES / _cRITA GHOSE _6Supervisor : Syed Rashel Kabir |
| 260 |
_aRajshahi : _bDepartment of Biochemistry and Molecular Biology,University of Rajshahi _c2021 |
||
| 300 |
_a[6], xi, [1], 73 leaves : _bill.; _c29 cm. |
||
| 502 | _aThesis(Ph.D.)-- Department of Biochemistry and Molecular Biology,University of Rajshahi,2021 | ||
| 504 | _aReferences : Leaves 65-72 | ||
| 650 |
_aDiseases _xPathogenicity _vSynthesis _910050 |
||
| 700 |
_aKabir, Syed Rashel, Supervisor _97072 |
||
| 942 |
_2ddc _cTHE |
||
| 999 |
_c82287 _d82287 |
||